000 00686nam a2200253Ia 4500
003 OSt
005 20221005123418.0
006 a|||||r|||| 00| 0
007 ta
008 221004b |||||||| |||| 00| 0 eng d
024 _a34654
037 _cTextual
040 _aCRL
_cCRL
_beng
041 _2eng
_aeng
082 _aZaN8, J8 BB
110 _aIndia.Law Library (Ministry of -)
_9633638
245 0 _aLegal literature
_bA select bibliography 1957.
260 _c1968
490 _a(Documentation of law series,1) .
650 _aLAW
700 _aIndia.Law Library (Ministry of -)
_9633639
942 _hZaN8, J8 BB
_cTEXL
_2cc
999 _c1047336
_d1047336